| 000 | | | 03849nac2a22002533x 450 |
| 001 | | | 9b4c475e-d4d5-4ff6-803e-0096eab69559 |
| 005 | | | 20190225174156.0 |
| 100 | ## | $a | 20190110l 1919k y0rusy50 ca |
| 101 | 0# | $a | rus |
| 102 | ## | $a | RU |
| 105 | ## | $a | y z ||||| |
| 200 | 1# | $a | Журналы заседаний Совета Министров |
| | $j | 27 февраля 1919 - 03 октября 1919 |
| 215 | ## | $a | 346 листов |
| 251 | ## | $c | Дело |
| 300 | ## | $a | Листы: 1, 28, 54, 81-82, 86, 89, 99, 137, 147, 147а, 102, 41, 187, 196, 211, 254, 274, 277-278, 310-314, 318, 322, 332, 335 - поврежденные |
| 300 | ## | $a | Машинописный и рукописный текст |
| 324 | ## | $a | Копии |
| 461 | #0 | $1 | 0010f0e3429-2e37-4fb4-ace0-6332d350a692 |
| | $1 | 2001 |
| | $a | Министерство внутренних дел Российского правительства. Омск |
| | $1 | 251 |
| | $c | Фонд |
| | $1 | 852 |
| | $j | 1700 |
| | $g | Р |
| 462 | #0 | $1 | 00196992368-87aa-4ec8-94b8-d5a64cfcd599 |
| | $1 | 2001 |
| | $a | Канцелярия министра. 1918-1919 гг. |
| | $v | Д. 9 |
| | $1 | 251 |
| | $c | Опись |
| | $1 | 852 |
| | $j | 7 |
| 601 | 02 | $3 | RU\NLR\AUTH\8810247804 |
| | $a | Временное Сибирское правительство |
| | $b | Министерство внутренних дел |
| 601 | 02 | $3 | RU\NLR\AUTH\889929389 |
| | $a | Временное Сибирское правительство |
| | $b | Совет Министров |
| 801 | #0 | $a | RU |
| | $b | GA_RF |
| 801 | #1 | $a | RU |
| | $b | ГлавНИВЦ |
| | $c | 20190110 |
| | $2 | rusmarc |
| 801 | #2 | $a | RU |
| | $b | ПБ им. Б.Н. Ельцина |
| | $c | 20190225 |
| | $g | RCR |
| | $2 | rusmarc |
| 852 | ## | $a | ГА РФ |
| | $j | 9 |
| 937 | ## | $d | 126076155 |
| | $h | ПБ |
| 035 | ## | $a | RuPRLIB51054489 |
| 856 | ## | $u | http://readingroom.main.prlib.ru/item.aspx?id_node=n126076155&mode=full |